Sports Quiz

Random Sports Quiz

Zagraniczne transfery 19/20 Quiz Stats

 Plays Quiz not verified by Sporcle

Score 0/30 Timer 07:00
0 Plays Today
Question Answer Wrong Answers
Eden Hazard - z Chelsea do... Realu Madryt
97.9%
PSG
0.4%
Manchesteru City
0.4%
Bayernu Monachium
0.2%
Gianluigi Buffon - z PSG do... Juventusu
97.9%
Parmy
0.4%
Beijing Guo’an
0.6%
FC Barcelony
0.3%
Mats Hummels - z Bayernu Monachium do... Borussii Dortmund
95.8%
Manchesteru United
1.1%
FC Barcelony
0.6%
AC Milanu
1.5%
Luka Jović - z Eintrachtu Frankfurt do... Realu Madryt
94.8%
FC Barcelony
1.8%
FC Porto
1.2%
Galatasaray
1.1%
Frenkie de Jong - z Ajaksu do... FC Barcelony
93%
Atletico Madryt
1.6%
Liverpoolu
2.3%
Tottenhamu
2.1%
Joao Felix - z Benfiki do... Atletico Madryt
92.1%
Liverpoolu
2.1%
PSG
2.5%
Bayernu Monachium
2.4%
Aaron Ramsey - z Arsenalu do... Juventusu
88.6%
Chelsea
4.2%
Liverpoolu
3.1%
Manchesteru United
3.1%
Benjamin Pavard - z VfB Stuttgart do... Bayernu Monachium
87.9%
Borussii Dortmund
4.3%
PSG
4.3%
Lyonu
2.6%
Adrien Rabiot - z PSG do... Juventusu
87.4%
Manchesteru United
4.7%
Evertonu
3.9%
FC Barcelony
3.1%
Lucas Hernandez - z Atletico Madryt do... Bayernu Monachium
85.5%
Lyonu
3.8%
Arsenalu
7.7%
Bournemouth
1.9%
Tanguy Ndombele - z Lyonu do... Tottenhamu
85.1%
PSG
5.9%
PSV
2.1%
Arsenalu
5.9%
Aaron Wan-Bissaka - z Crystal Palace do... Manchesteru United
83.6%
Southampton
5.3%
Wolverhampton
4.2%
Leicester City
5.9%
Jasper Cillessen - z FC Barcelony do... Valencii
82.5%
Ajaksu Amsterdam
8%
FC Porto
5.1%
Atletico Madryt
3.6%
Rodri - z Atletico Madryt do... Manchesteru City
80.8%
Realu Madryt
4.4%
Bayernu Monachium
6.5%
Manchesteru United
7.3%
Diego Godin - z Atletico Madryt do... Interu Mediolan
80%
Dalian Yifang
4.8%
Juventusu
3.6%
Guangzhou Evergrande
10.6%
Julian Brandt - z Bayeru Leverkusen do... Borussii Dortmund
77.3%
RB Lipsk
11%
Liverpoolu
5.4%
Tottenhamu
5.3%
Eder Militao - z FC Porto do... Realu Madryt
73.7%
FC Sao Paulo
3.5%
AS Monaco
15.2%
Hoffenheim
6.6%
Konstantinos Manolas - AS Romy do... Napoli
73.6%
Arsenalu
17.3%
Realu Madryt
1.5%
Juventusu
6.6%
Luka Zarandia - z Arki Gdynia do... Zulte Waregem
71.1%
Dinama Zagrzeb
12.8%
FC Koeln
5%
Dynama Moskwa
10.1%
Vincent Kompany - z Manchesteru City do... Anderlechtu
71.1%
AS Monaco
3.6%
Newcastle United
1.2%
Hebei China Fortune
23%
Hector Herrera - z FC Porto do... Atletico Madryt
65.6%
Ajaksu Amsterdam
8.5%
Borussii Dortmund
15.9%
Boca Juniors
9.1%
Pablo Sarabia - z Sevilli do... PSG
63.8%
AS Romy
17.3%
RB Lipsk
7.7%
Chelsea
10.2%
Ayoze Perez - z Newcastle United do... Leicester City
62%
Liverpoolu
11.3%
Atletico Madryt
10%
Chicago Fire
16%
Luuk de Jong - z PSV do... Sevilli
52.8%
Ajaksu Amsterdam
14.9%
Bayeru Leverkusen
20.9%
Atalanty Bergamo
10.2%
Alban Lafont - z Fiorentiny do... FC Nantes
50.1%
Manchesteru City
7%
Arsenalu
15.1%
Napoli
26.8%
Munas Dabbur - z RB Salzburg do... Sevilli
46.7%
Liverpoolu
13.9%
Watfordu
28%
Al-Ittihad
10.3%
Antonio Valencia - z Manchesteru United do... LDU Quito
45.8%
Lazio
11.9%
CSKA Moskwa
5.6%
Besiktasu
35.8%
Raul Albiol - z Napoli do... Villarrealu
45.8%
Realu Madryt
3.9%
Valencii
25.6%
Realu Mallorca
23.6%
Valentino Lazaro - z Herthy do... Interu Mediolan
45.7%
AC Milanu
14.4%
AS Romy
26.8%
Bayernu Monachium
12.1%
Angelino - z PSV do... Manchesteru City
31.2%
PSG
9.4%
Juventusu
3.6%
AS Romy
54.8%

You're not logged in!

Compare scores with friends on all Sporcle quizzes.
OR
Log In

Sporcle TV

Today on Sporcle TV


Watch our educational content, quiz creation guides, and fun videos on Sporcle TV.

Show Comments

Extras

Created Jul 4, 2019ReportNominate

Top Quizzes Today


Score Distribution

Your Account Isn't Verified!

In order to create a playlist on Sporcle, you need to verify the email address you used during registration. Go to your Sporcle Settings to finish the process.

Report this User

Report this user for behavior that violates our Community Guidelines.

Details: